|
|
|
|
| LEADER |
00000nam a22000007a 4500 |
| 005 |
20190521213133.0 |
| 007 |
cr|||| |||| |
| 008 |
190521s2010 co |||||s|||| 00||0 spa d |
| 020 |
|
|
|a 978-958-695-492-1
|
| 035 |
|
|
|a 23324
|
| 040 |
|
|
|a vLex
|
| 090 |
|
|
|c 8790
|d 8790
|
| 100 |
1 |
|
|a Cano Martinez, Jeimy Jose
|
| 245 |
1 |
2 |
|a El peritaje informt̀ico y la evidencia digital en Colombia
|h [Recurso electrn̤ico] /
|c Jeimy Jose Cano Martinez
|
| 256 |
|
|
|a Servicio en ln̕ea
|
| 260 |
|
|
|a Bogot:̀
|b Universidad de Los Andes (Colombia),
|c 2010
|
| 300 |
|
|
|a 1 recurso electrn̤ico
|
| 506 |
1 |
|
|a Disponible solo en los productos indicados
|d vLex Global
|d vLex Global (Academic Edition, excluding Law Schools)
|d vLex Global (U.S. Academic Edition, Law Schools)
|d vLex Global (U.S. Academic Edition, excluding Law Schools)
|d vLex Global (Academic Edition, Law Schools)
|
| 650 |
0 |
4 |
|a Derecho Penal
|z Colombia
|
| 650 |
0 |
4 |
|a Derecho de las Nuevas Tecnologa̕s
|z Colombia
|
| 740 |
0 |
|
|a vLex Libros (Servicio en ln̕ea)
|
| 856 |
4 |
0 |
|u http://vlex.com/source/peritaje-informatico-evidencia-digital-colombia-23324
|z Acceso restringido
|
| 942 |
|
|
|c BOOK
|
| 999 |
0 |
|
|a Criminal Law
|
| 999 |
0 |
|
|a Right of New Technologies
|